[Event "FRA-ch U20"]
[Site "Troyes"]
[Date "2010.04.17"]
[Round "8"]
[White "Levitt, Olivier"]
[Black "Blum, Nicolas"]
[Result "1/2-1/2"]
[WhiteElo "2004"]
[BlackElo "2268"]
[PlyCount "71"]
[EventDate "2010.04.11"]
[EventType "swiss"]
[EventRounds "9"]
[EventCountry "FRA"]
[SourceTitle "EXT 2012"]
[Source "ChessBase"]
[SourceDate "2011.11.24"]
[SourceVersion "1"]
[SourceVersionDate "2011.11.24"]
[SourceQuality "1"]

1. e4 g6 2. d4 Bg7 3. Nf3 d6 4. Bc4 c6 5. Bb3 d5 6. c3 Nf6 7. Nbd2 Bg4 8. h3 Bxf3 9. Qxf3 e6 10. h4 h5 11. Qe2 Nbd7 12. g4 Qe7 13. g5 Nxe4 14. Nxe4 dxe4 15. Qxe4 0-0 16. Bf4 a5 17. 0-0 Nb6 18. a4 Nd5 19. Bxd5 cxd5 20. Qe2 Qd7 21. Qb5 Qc6 22. Ra3 Rfc8 23. Rb3 Ra7 24. Ra1 Bf8 25. Be5 Be7 26. Kg2 Bd8 27. Kg1 Bc7 28. f4 Bd8 29. Kf2 Be7 30. Ke3 Rd8 31. Kf3 Rc8 32. Ke3 Qxb5 33. Rxb5 Kf8 34. Kf3 Ke8 35. Rd1 Kd7 36. b3 1/2-1/2

[Event "Agneaux St Lo op 10th"]
[Site "Agneaux"]
[Date "2006.02.22"]
[Round "1"]
[White "Daels, Marc"]
[Black "Levitt, Olivier"]
[Result "1/2-1/2"]
[WhiteElo "2215"]
[BlackElo "2022"]
[PlyCount "31"]
[EventDate "2006.02.22"]
[EventType "swiss"]
[EventRounds "7"]
[EventCountry "FRA"]
[SourceTitle "CBM 110 Extra"]
[Source "ChessBase"]
[SourceDate "2006.03.10"]
[SourceVersion "2"]
[SourceVersionDate "2006.03.10"]
[SourceQuality "1"]

1. e4 c5 2. Nf3 Nc6 3. d4 cxd4 4. Nxd4 g6 5. Nc3 Bg7 6. Be3 Nf6 7. Bc4 Qa5 8. 0-0 Qb4 9. Bb3 Nxe4 10. a3 Nxc3 11. axb4 Nxd1 12. Rfxd1 Nxd4 13. Bxd4 Bxd4 14. Rxd4 0-0 15. b5 d6 16. Re1 1/2-1/2